000 00381 a2200157 4500
001 60108
020 _a9788590975830
040 _cAnchieta - Pituba
100 _aPrado, Mauricio
240 1 0 _aGuia prático novo Enem
_lpor
245 1 0 _aGuia prático novo Enem
300 _a119
362 0 _a0
650 4 _a. Vestibulares / Exames de admissão em universidades
942 _cBK
999 _c60108
_d60108